| 000 | 00717nam a2200193Ia 4500 | ||
|---|---|---|---|
| 008 | 090124s9999 xx 000 0 und d | ||
| 020 | _a81-237-3745-9 | ||
| 082 | _b42142 | ||
| 100 | _aभालेराव अनंत | ||
| 245 | _a स्वामी रामानंद तीर्थ | ||
| 250 | _a3 | ||
| 260 |
_b"नॅशनल बुक ट्रस्ट, इंडिय़ा नवी दिल्ली" _c2003 |
||
| 300 | _a101 | ||
| 600 | _aभालेराव अनंत | ||
| 630 | _a स्वामी रामानंद तीर्थ | ||
| 700 | _aभालेराव अनंत | ||
| 730 | _a स्वामी रामानंद तीर्थ | ||
| 942 | _cBOOK | ||
| 999 |
_c108329 _d108329 |
||